header

Reinventing public service television for the digital future (Record no. 140185)

MARC details
000 -LEADER
fixed length control field 01141nam a2200301Ia 4500
082 04 - DEWEY DECIMAL CLASSIFICATION NUMBER
Classification number 384.55
100 1# - MAIN ENTRY--AUTHOR NAME
Personal name Debrett, Mary.
245 10 - TITLE STATEMENT
Title Reinventing public service television for the digital future
260 ## - PUBLICATION, DISTRIBUTION, ETC. (IMPRINT)
Place of publication Bristol :
Name of publisher Intellect,
Year of publication 2010.
300 ## - PHYSICAL DESCRIPTION
Number of Pages 253 p.
650 #0 - SUBJECT ADDED ENTRY--TOPICAL TERM
Topical Term Public service television programs.
Topical Term Digital television.
856 40 - ELECTRONIC LOCATION AND ACCESS
Uniform Resource Identifier http://site.ebrary.com/lib/rucke/Doc?id=10421926

No items available.

© 2026 Rongo University
Contact us: librarian | system librarian | Rongo university